000 01018nam a2200289 a 4500
001 21202
003 BD-RjUL
005 20211209000647.0
008 140303s1949 enk 000 0 eng d
035 _a(BD-RjUL)21266
040 _aOKO
_cOKO
_dOCL
_dBD-RjUL
_beng
041 _aeng
082 _a901.9
_bLIG 1949
090 _aPA25
_b.M3
100 1 _aLivingstone, Richard Winn /
_d1880-1960.
_958606
245 1 0 _aGreek ideals and modern life /
_cby Sir R.W. Livingstone.
260 _aOxford :
_bClarendon Press,
_c1949.
300 _ax, 175 p. :
_c21 cm.
490 1 _aMartin classical lectures ;
_v[v. 5]
505 1 _aIntroduction.--The growing influence of Hellenism.--Greek humanism.--Humanism in politics and economics.--The age of Plato; an analogy.--Christianity and Hellenism.
650 0 _aPhilosophy, Ancient.
_93836
650 0 _aHumanism.
_965529
651 0 _aGreece
_xCivilization
_xInfluence.
_965530
830 0 _v[v. 5]
_965550
830 0 _aMartin classical lectures ;
_965551
942 _2ddc
_cBK
999 _c21202
_d21202